Pays par point culminant avec carte - Statistiques

Statistiques générales
  • Ce quiz a été pris 89 fois
  • Le résultat moyen est 35 sur 196
Réponses sur la Carte
Les réponses sont colorées sur une échelle allant du rouge au vert en fonction du pourcentage des utilisateurs qui les ont devinées à leur premier essai. Vous pouvez retrouver ces pourcentages ci-dessous.
 
Statistiques - réponses
Continent Montagne Altitude Pays % Correct
Asie Everest 8848 m Chine
100%
Asie Everest 8848 m Népal
94%
Asie Kangchenjunga 8586 m Inde
84%
Asie K2 8611 m Pakistan
84%
Asie Gangkhar Puensum 7570 m Bhoutan
76%
Asie Nowshak 7485 m Afghanistan
68%
Amérique du Sud Aconcagua 6962 m Argentine
68%
Amérique du Sud Nevado Ojos del Salado 6893 m Chili
68%
Amérique du Sud Huascarán 6768 m Pérou
68%
Asie Pic Ismail Samani 7495 m Tadjikistan
68%
Amérique du Sud Nevado Sajama 6542 m Bolivie
66%
Amérique du Nord Mont Logan 5959 m Canada
64%
Amérique du Sud Chimborazo 6263 m Equateur
64%
Amérique du Nord Denali 6190 m Etats-Unis
64%
Europe Mont Blanc 4808 m Italie
62%
Europe Mont Blanc 4808 m France
60%
Asie Khan Tengri 7010 m Kazakhstan
60%
Asie Jengish Chokusu 7439 m Kirghizistan
60%
Asie/Europe Elbrouz 5642 m Russie
58%
Amérique du Sud Pic Cristóbal Colón 5775 m Colombie
56%
Afrique Kilimandjaro 5892 m Tanzanie
56%
Amérique du Nord Pic d'Orizaba 5675 m Mexique
52%
Europe Pointe Dufour 4634 m Suisse
48%
Asie Mont Damavand 5610 m Iran
46%
Afrique Mont Kenya 5199 m Kenya
46%
Amérique du Sud Pico Bolívar 4978 m Venezuela
42%
Asie Hkakabo Razi 5881 m Birmanie
40%
Asie Mont Ararat 5137 m Turquie
40%
Asie Chkhara 5193 m Géorgie
38%
Afrique Mont Stanley 5109 m Ouganda
38%
Asie Khazret Sultan 4643 m Ouzbékistan
38%
Afrique Mont Stanley 5109 m République démocratique du Congo
36%
Europe Großglockner 3798 m Autriche
32%
Asie Puncak Jaya 4884 m Indonésie
32%
Europe Teide 3715 m Espagne
30%
Océanie Mont Wilhelm 4509 m Papouasie Nouvelle-Guinée
30%
Afrique Ras Dashan 4550 m Ethiopie
28%
Amérique du Nord Tajumulco 4220 m Guatemala
28%
Asie Kujten Uul 4374 m Mongolie
28%
Asie Bazardüzü 4466 m Azerbaïdjan
26%
Asie Mont Fuji 3776 m Japon
26%
Amérique du Nord Cerro Chirripó 3820 m Costa Rica
24%
Océanie Mont Cook/Aoraki 3724 m Nouvelle-Zélande
24%
Asie Cheekha Dar 3611 m Irak
22%
Afrique Djebel Toubkal 4167 m Maroc
22%
Europe Zugspitze 2962 m Allemagne
20%
Asie Aragats 4095 m Arménie
20%
Asie Mont Kinabalu 4095 m Malaisie
20%
Afrique Mont Karisimbi 4507 m Rwanda
20%
Amérique du Sud Pico da Neblina 2995 m Brésil
18%
Afrique Mont Cameroun 4070 m Cameroun
18%
Amérique du Nord Barú 3474 m Panama
18%
Asie Yu Shan 3952 m Taïwan
18%
Asie Jabal an Nabi Shu'ayd 3666 m Yémen
18%
Europe Pic de Coma Pedrosa 2942 m Andorre
16%
Europe Signal de Botrange 694 m Belgique
16%
Asie Villingili 5 m Maldives
16%
Amérique du Nord Pico Duarte 3098 m République dominicaine
16%
Asie Aýrybaba 3139 m Turkménistan
16%
Océanie lieu non nommé 5 m Tuvalu
16%
Asie Jabal Sawda 3133 m Arabie Saoudite
14%
Europe Mont Moussala 2925 m Bulgarie
14%
Asie Qurnat as Sawda' 3088 m Liban
14%
Europe Mont Agel 164 m Monaco
14%
Asie Djebel Shams 3009 m Oman
14%
Europe Triglav 2864 m Slovénie
14%
Afrique Kinyeti 3187 m Soudan du Sud
14%
Europe lieu non nommé 75 m Vatican
14%
Asie Phan Xi Păng 3143 m Viêt Nam
14%
Afrique Mafadi 3450 m Afrique du Sud
12%
Europe Mont Korab 2764 m Albanie
12%
Océanie Mont Kosciuszko 2228 m Australie
12%
Afrique Mont Soira 3018 m Erythrée
12%
Europe Mont Olympe 2917 m Grèce
12%
Afrique Pico Basilé 3007 m Guinée équatoriale
12%
Afrique Thabana Ntlenyana 3482 m Lesotho
12%
Europe Mont Korab 2764 m Macédoine du Nord
12%
Afrique Sapitwa 3002 m Malawi
12%
Europe Galdhøpiggen 2469 m Norvège
12%
Europe Vaalserberg 322 m Pays-Bas
12%
Afrique Djebel Marra 3042 m Soudan
12%
Afrique Emi Koussi 3415 m Tchad
12%
Europe Møllehøj 170 m Danemark
10%
Amérique du Nord Cerro Las Minas 2870 m Honduras
10%
Océanie lieu non nommé 10 m Îles Marshall
10%
Europe Velika Rudoka 2658 m Kosovo
10%
Europe Zla Kolata 2534 m Monténégro
10%
Asie Mont Apo 2954 m Philippines
10%
Europe Rysy 2503 m Pologne
10%
Europe Moldoveanu 2544 m Roumanie
10%
Europe Gerlachovský štít 2654 m Slovaquie
10%
Europe Kebnekaise 2096 m Suède
10%
Afrique Tahat 2918 m Algérie
8%
Europe Maglić 2388 m Bosnie-Herzégovine
8%
Europe Dinara 1913 m Croatie
8%
Océanie Mont Tomanivi 1324 m Fidji
8%
Europe Halti 1324 m Finlande
8%
Amérique du Sud Mont Roraima 2772 m Guyana
8%
Amérique du Nord Pic la Selle 2680 m Haïti
8%
Europe Hvannadalshnjúkur 2109 m Islande
8%
Europe Grauspitz 2599 m Liechtenstein
8%
Europe Kneiff 560 m Luxembourg
8%
Afrique Maromokatro 2876 m Madagascar
8%
Europe Ta'Dmejrek 257 m Malte
8%
Océanie Command Ridge 71 m Nauru
8%
Océanie Mont Ngerchelchuus 242 m Palaos
8%
Europe Pico 2351 m Portugal
8%
Europe Sniejka 1603 m République tchèque
8%
Europe Ben Nevis 1345 m Royaume-Uni
8%
Océanie Mont Popomanaseu 2335 m Salomon
8%
Amérique du Nord Cerro El Pital 2730 m Salvador
8%
Europe Midžor 2169 m Serbie
8%
Asie Mont Ramelau 2963 m Timor oriental
8%
Europe Hoverla 2061 m Ukraine
8%
Océanie Mont Tabwemasana 1875 m Vanuatu
8%
Afrique Morro do Môco 2620 m Angola
6%
Amérique du Nord Mont Alvernia 63 m Bahamas
6%
Europe Mont Dzerjinski 345 m Biélorussie
6%
Afrique Mont Heha 2684 m Burundi
6%
Afrique Pico do Fogo 2829 m Cap-Vert
6%
Asie Mont Paektu 2744 m Corée du Nord
6%
Amérique du Nord Pico Turquino 1974 m Cuba
6%
Amérique du Nord Morne Diablotins 1447 m Dominique
6%
Afrique Mont Sainte-Catherine 2642 m Egypte
6%
Europe Suur Munamägi 318 m Estonie
6%
Europe Kékes 1014 m Hongrie
6%
Europe Carrauntuohil 1038 m Irlande
6%
Asie Mont Hermon 2814 m Israël
6%
Amérique du Nord Blue Mountain Peak 2256 m Jamaïque
6%
Océanie lieu non nommé 81 m Kiribati
6%
Asie Phou Bia 2819 m Laos
6%
Europe Gaiziņkalns 312 m Lettonie
6%
Europe Aukštojas 294 m Lituanie
6%
Océanie Dolohmwar 791 m Micronésie
6%
Europe Dealul Bălăneşti 430 m Moldavie
6%
Afrique Mont Binga 2436 m Mozambique
6%
Amérique du Nord Mogoton 2107 m Nicaragua
6%
Afrique Chappal Waddi 2419 m Nigeria
6%
Amérique du Sud Cerro San Rafael 850 m Paraguay
6%
Europe Mont Titano 739 m Saint-Marin
6%
Amérique du Nord Soufrière 1220 m Saint-Vincent-et-les-Grenadines
6%
Océanie Mauga Silisili 1858 m Samoa
6%
Asie Bukit Timah 163 m Singapour
6%
Asie Pidurutalagala 2524 m Sri Lanka
6%
Amérique du Sud Juliana Top 1280 m Suriname
6%
Asie Mont Hermon 2814 m Syrie
6%
Asie Doi Inthanon 2565 m Thaïlande
6%
Amérique du Sud Mont Catedral 514 m Uruguay
6%
Afrique Inyangani 2592 m Zimbabwe
6%
Amérique du Nord Mont Obama 402 m Antigua-et-Barbuda
4%
Asie Djébel ad Dukhan 134 m Bahreïn
4%
Amérique du Nord Mont Hillaby 340 m Barbade
4%
Amérique du Nord Doyle's Delight 1124 m Belize
4%
Asie Bukit Pagon 1850 m Brunei
4%
Asie Phnum Aoral 1813 m Cambodge
4%
Asie Mont Olympe 1952 m Chypre
4%
Afrique Karthala 2361 m Comores
4%
Asie Hallasan 1950 m Corée du Sud
4%
Afrique Mousa Alli 2028 m Djibouti
4%
Asie Jabal Bil Ays 1892 m Emirats Arabes Unis
4%
Afrique Emlembe 1862 m Eswatini
4%
Afrique lieu non nommé 53 m Gambie
4%
Amérique du Nord Mont Sainte-Catherine 840 m Grenade
4%
Asie Djebel Umm ad Dami 1854 m Jordanie
4%
Asie Al-Mutla 306 m Koweït
4%
Afrique Bikku Bitti 2267 m Libye
4%
Afrique Königstein 2573 m Namibie
4%
Afrique Mont Indoukat-n-Taglès 2022 m Niger
4%
Asie Qurayn Abu al Bawl 103 m Qatar
4%
Afrique Mont Ngaoui 1410 m République Centrafricaine
4%
Amérique du Nord Mont Liamuiga 1156 m Saint-Christophe-et-Niévès
4%
Amérique du Nord Mont Gimie 950 m Sainte-Lucie
4%
Afrique Pico de São Tomé 2024 m São Tomé-et-Principe
4%
Afrique Shimbiris 2416 m Somalie
4%
Océanie lieu non nommé 1030 m Tonga
4%
Amérique du Nord Cerro del Aripo 940 m Trinité-et-Tobago
4%
Afrique Mafinga Hills 2301 m Zambie
4%
Asie Mowdok Mual 1052 m Bangladesh
2%
Afrique Mont Sokbaro 658 m Bénin
2%
Afrique Tsodilo Hills 1489 m Botswana
2%
Afrique Tenakourou 747 m Burkina Faso
2%
Afrique Mont Nimba 1752 m Côte d'Ivoire
2%
Afrique Mont Bengoué 1070 m Gabon
2%
Afrique Mont Afadjato 885 m Ghana
2%
Afrique Mont Nimba 1752 m Guinée
2%
Afrique lieu non nommé 300 m Guinée-Bissau
2%
Afrique Mont Wuteve 1440 m Liberia
2%
Afrique Hombori Tondo 1155 m Mali
2%
Afrique Piton de la Petite Rivière Noire 828 m Maurice
2%
Afrique Kedia d'Idjil 917 m Mauritanie
2%
Afrique Mont Nabemba 1020 m République du Congo
2%
Afrique Nepen Diakha 971 m Sénégal
2%
Afrique Morne Seychellois 906 m Seychelles
2%
Afrique Loma Mansa 1948 m Sierra Leone
2%
Afrique Mont Agou 986 m Togo
2%
Afrique Djebel Chambi 1544 m Tunisie
2%
Aucun quiz correspondant
Distribution des résultats
% des personnes avec chaque résultat
Percentile par nombre de réponses
Votre historique - résultats
Vous n’avez pas pris ce quiz